[Event "Walsrode Chessemy op-A"]
[Site "Walsrode"]
[Date "2023.03.06"]
[Round "3"]
[White "Gressmann, Hanna"]
[Black "Stamatow, Christian"]
[Result "1-0"]
[WhiteElo "1894"]
[BlackElo "1733"]
[PlyCount "75"]
[EventDate "2023.03.04"]
[EventType "swiss"]
[EventRounds "9"]
[EventCountry "GER"]
[SourceTitle "CBM 213 Extra"]
[Source "ChessBase"]
[SourceDate "2023.05.31"]
[SourceVersion "1"]
[SourceVersionDate "2023.05.31"]
[SourceQuality "1"]

1. e4 e5 2. Nf3 Nc6 3. Bc4 Nf6 4. d3 Be7 5. 0-0 0-0 6. Re1 d6 7. a4 a6 8. c3 Na5 9. Ba2 c5 10. Nbd2 Qc7 11. Nf1 Rb8 12. Bg5 h6 13. Bh4 Be6 14. Ne3 b5 15. Bxf6 Bxf6 16. Nd5 Bxd5 17. Bxd5 Nc6 18. axb5 axb5 19. Ra6 Rb6 20. Qa1 Rfb8 21. Qa2 Rxa6 22. Qxa6 Ne7 23. Bb3 Rb6 24. Qa2 Ng6 25. g3 Rb8 26. Ra1 b4 27. Nd2 bxc3 28. bxc3 Rf8 29. Nc4 Be7 30. Ne3 Qd8 31. Nf5 Qb8 32. Bc4 Qc7 33. h4 h5 34. Qe2 Qb6 35. Qxh5 d5 36. Bxd5 Bd8 37. Qg4 Ne7 38. Qxg7# 1-0